000 00306nam a22001337a 4500
008 171013b xxu||||| |||| 00| 0 eng d
020 _a0582286743
041 _aeng
080 _a316
100 _a50
101 _aSOC
245 _aMEASURMENT OF COMMUNICATION BEHAVIOR
_cEMMERT.P
942 _2udc
_cBK
999 _c33573
_d33573